000 00365nam a2200133Ia 4500
008 240624s9999 xx 000 0 und d
041 _aeng
082 _a346.0922 CAR
100 _aCARRENO FLORENTINO
245 _aHEDGE FUNDS A PRACTICAL GLOBAL HANDBOOK
260 _c2012
_aLondon
_bGlobe Business Publishing Ltd
300 _a407 p.; 23 cm.
365 _cBPS
_b25
999 _c32014
_d32014